La Prueba del animus domini en el Proceso de Usucapin̤

Bibliographic Details
Main Author: Rodrg̕uez, Christian Mario
Other Authors: Cura, Luis Edgardo, Rodrg̕uez, Marcelo Rubň
Format: eBook
Language:Spanish
Published: Madrid: Editorial Acadm̌ica Espaǫla, 2019
Subjects:
Online Access:Acceso restringido

MARC

LEADER 00000nam a22000007a 4500
005 20191009002810.0
007 cr|||| ||||
008 191009s2019 es |||||s|||| 00||0 spa d
020 |a 9786139435838 
035 |a 29566 
040 |a vLex 
090 |c 9745  |d 9745 
100 1 |a Rodrg̕uez, Christian Mario 
245 1 2 |a La Prueba del animus domini en el Proceso de Usucapin̤  |h [Recurso electrn̤ico] /  |c Christian Mario Rodrg̕uez, Luis Edgardo Cura, Marcelo Rubň Rodrg̕uez 
256 |a Servicio en ln̕ea 
260 |a Madrid:  |b Editorial Acadm̌ica Espaǫla,  |c 2019 
300 |a 1 recurso electrn̤ico 
500 |a Cm̤o obtener la titularidad de un inmueble por el paso del tiempo. Este mťodo es conocido como el "Proceso de Usucapin̤", mediante el cual una persona que ha tomado la posesin̤ de un inmueble durante 20 aǫs o ms̀, de manera pb︢lica e ininterrumpida, puede llevar a cabo dicho proceso para poder obtener la titularidad registral. Éste libro colabora en cm̤o se debe presentar de manera p̤tima las pruebas necesarias para que el juicio pueda tener un resultado favorable para el impulsor de proceso. 
506 1 |a Disponible solo en los productos indicados  |d vLex Global  |d vLex Global (Academic Edition, excluding Law Schools)  |d vLex Global (U.S. Academic Edition, Law Schools)  |d vLex Global (U.S. Academic Edition, excluding Law Schools)  |d vLex Global (Academic Edition, Law Schools) 
650 0 4 |a Derecho Civil  |z Espaą 
700 1 |a Cura, Luis Edgardo 
700 1 |a Rodrg̕uez, Marcelo Rubň 
740 0 |a vLex Libros (Servicio en ln̕ea) 
856 4 0 |u http://vlex.com/source/29566  |z Acceso restringido 
942 |c BOOK 
999 0 |a Civil Law